000 00720nam a22002057a 4500
999 _c20255
_d20255
003 AR-CdUCM
008 190528b ||||| |||| 00| 0 spa d
040 _aMUNICIPALIDAD PROVINCIAL DEL CUSCO
_cBIBLIOTECA MUNICIPAL DEL CUSCO
082 _a802 /
_bW62
100 _aWhiting, Frank M.
_942333
245 _aIntroducción al teatro /
260 _aMéxico :
_bDiana,
_c1972.
300 _a431 páginas ;
_bGráficos , imágenes
_c24 cm
505 _aContenido : Dramas y los dramaturgos -- El drama clásico -- El drama medieval -- El drama moderno...
650 _aArquitectura teatral
_942334
650 _aHistoria del drama
_942335
650 _aEvolución del drama
_942336
942 _2ddc
_cLIBROS
945 _arcc